000 00463 a2200157 4500
999 _c2629
_d2629
020 _a97818446610523
050 _aKD 1954 MCQ 2008
100 _aMcQuater,John
_eAuthor
245 _aModel letters for personal injury lawyers
250 _a2nd ed.
264 _aLondon:
_bJordans Publishing,
_c2008
300 _a363p.:
500 _aIncludes index
650 _aPersonal injury Lawyers-Lettere
_xPersonal injury Lawyers- Letters
942 _2lcc
_cBK
_h1954
_iMCQ
_kKD